000
00304nam a22001337a 4500
008
181017b xxu||||| |||| 00| 0 eng d
020
_a
9781455770052
041
_a
eng
080
_2
13th
_a
611
100
_a
6
101
_a
ANA
245
_a
Textbook of Medical Physiology
_c
Hall,J.E
942
_2
udc
_c
BK
999
_c
49965
_d
49965